| 000 | 01122cam a22002771i 4500 | ||
|---|---|---|---|
| 003 | SA-RiAUC | ||
| 005 | 20241208145746.0 | ||
| 008 | 241207s1991 su g b f000k0 ara c | ||
| 040 |
_aSA-RiAUC _bara _cSA-RiAUC _erda |
||
| 043 | _aa-su--- | ||
| 082 | 0 | 4 |
_a340.52531 _qSA-RiAUC |
| 090 |
_a340.52531 _bج و د |
||
| 100 | 1 |
_aالجودي، صالح غازي محمد، _d1372 هجري- _eمؤلف. |
|
| 245 | 1 | 0 |
_aمضامين القضاء البدوي قبل العهد السعودي / _cتأليف صالح غازي محمد الجودي. |
| 250 | _aالطبعة الأولى. | ||
| 264 | 1 |
_aالطائف، السعودية : _bنادي الطائف الأدبي، _c1991 |
|
| 300 |
_a247، 7 صفحة ؛ _c24 سم. |
||
| 336 |
_aنص _btxt _2rdacontent _3كتاب |
||
| 337 |
_aبدون وسيط _bn _2rdamedia |
||
| 338 |
_aمجلد _bnc _2rdacarrier |
||
| 490 | 0 | _aمن الموروثات الثقافية | |
| 504 | _aببليوجرافية : صفحة 237-247. | ||
| 650 | 7 |
_aالقانون البدوي _zالسعودية _xتاريخ _2aucsh |
|
| 942 |
_2ddc _cBOOK _n0 |
||
| 949 |
_aSA-JeALM _d241207 _uosman123 _n1 |
||
| 999 |
_c3130 _d3130 |
||